000 00894nam a22002657a 4500
001 3991
003 FISKH
005 20240529124103.0
008 240529b cb ||||| |||| 00| 0 eng d
020 _a9780545297257
040 _aFISKH
_beng
_cFISKH
_dFISKH
050 _aPZ7.P7493
082 _a662
100 _aPoblocki Dan
_d1977-
245 _aThe stone child /
_cDan Poblocki
260 _aNew York :
_bScholastic,
_c2010
300 _a274 pages :
_c20 cm
505 _aM
520 _aWhen friends Eddie, Harris, and Maggie discover that the scary adventures in their favorite author's fictional books come true, they must find a way to close the portal that allows evil creatures and witches to enter their hometown of Gatesweed.
521 8 _a740
_bLexile
521 8 _aM
_bRaz-Plus
700 _aDan Poblocki
942 _2ddc
_cBK
_n0
999 _c3991
_d3991